<?xml version="1.0" encoding="UTF-8"?>
<record
    xmlns:xsi="http://www.w3.org/2001/XMLSchema-instance"
    xsi:schemaLocation="http://www.loc.gov/MARC21/slim http://www.loc.gov/standards/marcxml/schema/MARC21slim.xsd"
    xmlns="http://www.loc.gov/MARC21/slim">

  <leader>01360nam a2200337 i 4500</leader>
  <controlfield tag="001">193732</controlfield>
  <controlfield tag="003">ES-MaACL</controlfield>
  <controlfield tag="005">20240209063133.0</controlfield>
  <controlfield tag="007">ta</controlfield>
  <controlfield tag="008">240207s1911||||fr a   freb   000 0 fre d</controlfield>
  <datafield tag="035" ind1=" " ind2=" ">
    <subfield code="a">(OCoLC)23412317</subfield>
  </datafield>
  <datafield tag="035" ind1=" " ind2=" ">
    <subfield code="a">ocm23412317</subfield>
  </datafield>
  <datafield tag="035" ind1=" " ind2=" ">
    <subfield code="a">02196985X</subfield>
  </datafield>
  <datafield tag="040" ind1=" " ind2=" ">
    <subfield code="a">ABES</subfield>
    <subfield code="b">fre</subfield>
    <subfield code="e">AFNOR</subfield>
    <subfield code="c">ES-MaACL</subfield>
  </datafield>
  <datafield tag="100" ind1="1" ind2=" ">
    <subfield code="a">Ferroux, Georges,</subfield>
    <subfield code="d">18..-....; </subfield>
    <subfield code="9">235100</subfield>
  </datafield>
  <datafield tag="245" ind1="1" ind2="0">
    <subfield code="a">Essais des machines &#xE0; courant continu /</subfield>
    <subfield code="c">par G. Ferroux ....</subfield>
  </datafield>
  <datafield tag="264" ind1=" " ind2="1">
    <subfield code="a">Paris :</subfield>
    <subfield code="b">Librairie des Sciences et de l'Industrie :</subfield>
    <subfield code="b">L. Geisler, imprimeur-&#xE9;diteur,</subfield>
    <subfield code="c">1911.</subfield>
  </datafield>
  <datafield tag="300" ind1=" " ind2=" ">
    <subfield code="a">195 p&#xE1;ginas :</subfield>
    <subfield code="b">Ilustraciones, diagramas ;</subfield>
    <subfield code="c">25 cm.</subfield>
  </datafield>
  <datafield tag="336" ind1=" " ind2=" ">
    <subfield code="b">txt</subfield>
    <subfield code="2">rdacontent</subfield>
    <subfield code="a">texto</subfield>
  </datafield>
  <datafield tag="337" ind1=" " ind2=" ">
    <subfield code="b">n</subfield>
    <subfield code="2">rdamedia</subfield>
    <subfield code="a">sin mediaci&#xF3;n</subfield>
  </datafield>
  <datafield tag="337" ind1=" " ind2=" ">
    <subfield code="b">n</subfield>
    <subfield code="2">isbdmedia</subfield>
    <subfield code="a">sin mediaci&#xF3;n</subfield>
  </datafield>
  <datafield tag="338" ind1=" " ind2=" ">
    <subfield code="b">nga</subfield>
    <subfield code="2">RDAfrCarrier</subfield>
    <subfield code="a">volumen</subfield>
  </datafield>
  <datafield tag="490" ind1="1" ind2=" ">
    <subfield code="a">Encyclop&#xE9;die &#xE9;lectrotechnique ;</subfield>
    <subfield code="v">47e Fascicule </subfield>
  </datafield>
  <datafield tag="562" ind1=" " ind2=" ">
    <subfield code="a">Ouvrage reli&#xE9; avec 3 autres documents de la collection "Encyclop&#xE9;die &#xE9;lectrotechnique</subfield>
  </datafield>
  <datafield tag="650" ind1=" " ind2="7">
    <subfield code="a">M&#xE1;quinas de corriente continua</subfield>
    <subfield code="9">157493</subfield>
  </datafield>
  <datafield tag="830" ind1=" " ind2=" ">
    <subfield code="9">235039</subfield>
    <subfield code="a">Encyclop&#xE9;die &#xE9;lectrotechnique ;</subfield>
    <subfield code="v">47</subfield>
  </datafield>
  <datafield tag="852" ind1=" " ind2=" ">
    <subfield code="a">ES-MaACL</subfield>
    <subfield code="b">R.M.8254</subfield>
    <subfield code="9">201266</subfield>
    <subfield code="j">D-8708</subfield>
    <subfield code="c">SVI</subfield>
    <subfield code="f">Sello en tinta en portada: "Ateneo de Madrid. Biblioteca"</subfield>
  </datafield>
  <datafield tag="942" ind1=" " ind2=" ">
    <subfield code="n">0</subfield>
    <subfield code="c">MONOGRAFIA</subfield>
  </datafield>
  <datafield tag="999" ind1=" " ind2=" ">
    <subfield code="c">193732</subfield>
    <subfield code="d">193732</subfield>
  </datafield>
  <datafield tag="952" ind1=" " ind2=" ">
    <subfield code="0">0</subfield>
    <subfield code="1">0</subfield>
    <subfield code="2">udc</subfield>
    <subfield code="4">0</subfield>
    <subfield code="7">0</subfield>
    <subfield code="a">ATENEOM</subfield>
    <subfield code="b">ATENEOM</subfield>
    <subfield code="c">SVI</subfield>
    <subfield code="d">2024-02-07</subfield>
    <subfield code="i">R.M.8254</subfield>
    <subfield code="l">0</subfield>
    <subfield code="o">D-8708</subfield>
    <subfield code="p">101206725</subfield>
    <subfield code="r">2024-02-07 00:00:00</subfield>
    <subfield code="w">2024-02-07</subfield>
    <subfield code="y">MONOGRAFIA</subfield>
  </datafield>
</record>
